01076nam a2200301 a 450000100100000000500170001000800410002702000150006804000250008324500820010826000310019030000210022150000370024270000300027970000290030970000340033870000350037270000340040770000300044170000270047170000330049870000320053170000300056370000330059370000260062695201050065299900170075700004317020201002040707.0140220s2002 sp 000 0 spa d a8403092849 aDO-SdBNPbspacBNPHU00aChile y España :bdiálogos y encuentros /cJoaquín Almunia... [et.al.]. aMadrid, :bAguilar,c2002. a215 p. ;c24 cm. aIncluye notas a pie de páginas12aAlmunia, Joaquín97074512aArriagada, Genaro97074612aCalvo Sotelo, Leopoldo97074712aGómez Navarro, Javier97074812aInsulza, José Miguel97074912aLeguina, Joaquín97075012aOminami, Carlos97075112aLafuente, Fernando R.97075212aSomerville, Hernán97075312aSquella, Agustín97075412aVelarde Fuertes, Juan97075512aZurita, Raúl970756 001050718MOaGRbGRcCTd2014-02-20iLF1l0o p43170-10r2020-06-25w2020-06-25y1ZNo se presta c42659d42659